[Event "Montreal op 91st"]
[Site "Montreal"]
[Date "2011.09.11"]
[Round "4.18"]
[White "Sasseville, Jean"]
[Black "Le Duin, Thierry"]
[Result "0-1"]
[WhiteElo "1989"]
[BlackElo "2079"]
[PlyCount "122"]
[EventDate "2011.09.09"]
[EventType "swiss"]
[EventRounds "5"]
[EventCountry "CAN"]
[SourceTitle "EXT 2022"]
[Source "ChessBase"]
[SourceDate "2021.10.06"]
[SourceVersion "1"]
[SourceVersionDate "2021.10.06"]
[SourceQuality "1"]

1. Nf3 d5 2. d4 Nf6 3. c4 g6 4. cxd5 Nxd5 5. e4 Nb6 6. h3 Bg7 7. Be2 Nc6 8. Be3 0-0 9. Nc3 e6 10. Qd2 Qd7 11. 0-0 Rd8 12. Rfd1 Qe8 13. Qc2 a5 14. d5 Nb4 15. Qb3 exd5 16. a3 Be6 17. Ng5 d4 18. Nxe6 Qxe6 19. Qxe6 fxe6 20. Bxd4 Rxd4 21. Rxd4 Bxd4 22. axb4 a4 23. Ra3 c6 24. Kf1 Kf7 25. Ke1 Be5 26. b5 Bd6 27. Ra1 Bb4 28. Kd2 c5 29. Kc2 Ke7 30. Rd1 a3 31. b3 Rf8 32. f3 Rc8 33. Bc4 Ra8 34. Na2 Nc8 35. e5 Ra5 36. Kb1 Na7 37. Rd6 Nxb5 38. Rxe6+ Kd8 39. Rb6 Nc3+ 40. Ka1 Nxa2 41. Kxa2 Kc7 42. Rf6 b5 43. Bd5 c4 44. Rf7+ Kb6 45. e6 cxb3+ 46. Bxb3 Ra7 47. Rxa7 Kxa7 48. f4 Kb6 49. g4 Be7 50. g5 Kc5 51. Bc2 Kc4 52. f5 gxf5 53. Bxf5 b4 54. Bc2 Bxg5 55. Bd1 Kc3 56. Ba4 Be7 57. Bd1 Kd2 58. Bg4 Kc2 59. Bf5+ Kc3 60. Bxh7 b3+ 61. Ka1 a2 0-1

[Event "Montreal Mercredi 08"]
[Site "Montreal"]
[Date "2011.09.07"]
[Round "2"]
[White "Sasseville, Jean"]
[Black "Tremblay, Alain"]
[Result "1-0"]
[WhiteElo "1964"]
[BlackElo "2078"]
[PlyCount "93"]
[EventDate "2011.08.31"]
[EventType "swiss"]
[EventRounds "5"]
[EventCountry "CAN"]
[SourceTitle "EXT 2022"]
[Source "ChessBase"]
[SourceDate "2021.10.06"]
[SourceVersion "1"]
[SourceVersionDate "2021.10.06"]
[SourceQuality "1"]

1. Nf3 g6 2. c4 Bg7 3. g3 d6 4. d4 Nf6 5. Bg2 0-0 6. 0-0 Nc6 7. Nc3 e5 8. dxe5 Nxe5 9. Nxe5 dxe5 10. Bg5 Qxd1 11. Rfxd1 c6 12. Rd6 Be6 13. b3 Ne8 14. Rd2 e4 15. Rc1 f5 16. Na4 b6 17. f3 exf3 18. Bxf3 Rc8 19. c5 b5 20. Nb2 Rf7 21. Nd3 Rd7 22. Nb4 Rxd2 23. Bxd2 Bd7 24. Bc3 Bxc3 25. Rxc3 Kf7 26. Nd3 Nf6 27. Ne5+ Ke8 28. Rd3 Ke7 29. Rd6 Rc7 30. Nxc6+ Bxc6 31. Rxc6 Rxc6 32. Bxc6 b4 33. Kf2 Ng4+ 34. Kg2 Ke6 35. Bb7 Ke5 36. h3 Ne3+ 37. Kf3 Nd1 38. g4 fxg4+ 39. hxg4 Nc3 40. Ke3 Nxa2 41. Kd3 Nc1+ 42. Kc4 a5 43. Bf3 h6 44. Kb5 Nxb3 45. c6 Kd6 46. Kb6 a4 47. c7 1-0

[Event "Quebec op"]
[Site "Montreal"]
[Date "2011.07.28"]
[Round "7"]
[White "Beaulieu, Pierre"]
[Black "Sasseville, Jean"]
[Result "1/2-1/2"]
[WhiteElo "1855"]
[BlackElo "1944"]
[PlyCount "87"]
[EventDate "2011.07.23"]
[EventType "swiss"]
[EventRounds "9"]
[EventCountry "CAN"]
[SourceTitle "EXT 2022"]
[Source "ChessBase"]
[SourceDate "2021.10.06"]
[SourceVersion "1"]
[SourceVersionDate "2021.10.06"]
[SourceQuality "1"]

1. e4 c6 2. d4 d5 3. exd5 cxd5 4. Bd3 Nc6 5. c3 Qc7 6. Nf3 Bg4 7. h3 Bh5 8. Nbd2 Nf6 9. Qa4 e6 10. Ne5 Bd6 11. f4 0-0 12. 0-0 Rac8 13. Ndf3 Bxf3 14. Rxf3 Ne4 15. Be3 f5 16. Qd1 Rb8 17. a4 a6 18. Rc1 b5 19. axb5 axb5 20. b3 Bxe5 21. fxe5 Na5 22. c4 bxc4 23. bxc4 Nxc4 24. Bxc4 dxc4 25. d5 Rfd8 26. d6 Qc6 27. Qd4 Rbc8 28. Qa7 Rd7 29. Rxc4 Rxa7 30. Rxc6 Ra1+ 31. Rf1 Rxc6 32. Rxa1 Nxd6 33. exd6 Rxd6 34. Ra7 e5 35. Kf2 f4 36. Bc5 Rc6 37. Bb4 e4 38. Re7 Rc4 39. Bd6 g5 40. h4 f3 41. hxg5 Rc2+ 42. Kf1 Rc1+ 43. Kf2 Rc2+ 44. Kf1 1/2-1/2

[Event "Montreal Mercredi 05"]
[Site "Montreal"]
[Date "2011.06.08"]
[Round "4"]
[White "Cardin, Guillaume"]
[Black "Sasseville, Jean"]
[Result "0-1"]
[WhiteElo "1959"]
[BlackElo "1945"]
[PlyCount "124"]
[EventDate "2011.05.18"]
[EventType "swiss"]
[EventRounds "5"]
[EventCountry "CAN"]
[SourceTitle "EXT 2022"]
[Source "ChessBase"]
[SourceDate "2021.10.06"]
[SourceVersion "1"]
[SourceVersionDate "2021.10.06"]
[SourceQuality "1"]

1. e4 c6 2. d4 d5 3. Nc3 dxe4 4. Nxe4 Bf5 5. Ng3 Bg6 6. h4 h6 7. Nf3 Nd7 8. h5 Bh7 9. Bd3 Bxd3 10. Qxd3 e6 11. Bf4 Qa5+ 12. Bd2 Bb4 13. c3 Be7 14. c4 Qc7 15. 0-0-0 Ngf6 16. Ne4 Nxe4 17. Qxe4 Nf6 18. Qe2 0-0 19. g4 Nxg4 20. Rdg1 f5 21. Qxe6+ Kh8 22. Ne5 Nxe5 23. dxe5 Rae8 24. Qg6 Bc5 25. Rg2 Qf7 26. Bc3 Qxg6 27. Rxg6 Bxf2 28. e6 Be3+ 29. Kc2 Re7 30. Re1 f4 31. Rxh6+ Kg8 32. Rg6 Kh7 33. Bd2 Bxd2 34. Kxd2 Rf5 35. Rg4 f3 36. Rge4 Rxh5 37. Ke3 Rf5 38. Rf1 Kg6 39. Rxf3 Rxf3+ 40. Kxf3 Kf6 41. c5 Rxe6 42. Rb4 Re7 43. Kf4 Rf7 44. a4 Ke6+ 45. Ke4 g5 46. Rb3 a5 47. Rg3 Rg7 48. Rg4 Rg6 49. Kd4 Kf5 50. Rg1 g4 51. Rf1+ Kg5 52. Ke5 g3 53. Rg1 Kg4 54. Ke4 Re6+ 55. Kd3 Re5 56. b3 Rxc5 57. Kd4 Rc2 58. Kd3 Rb2 59. Kc3 Rf2 60. Rd1 g2 61. Kc4 Rf1 62. Rd4+ Rf4 0-1

[Event "Montreal Mercredi 05"]
[Site "Montreal"]
[Date "2011.05.18"]
[Round "1"]
[White "Sasseville, Jean"]
[Black "Lopez Linares, Lizandro Fernando"]
[Result "1-0"]
[WhiteElo "1945"]
[BlackElo "1943"]
[PlyCount "57"]
[EventDate "2011.05.18"]
[EventType "swiss"]
[EventRounds "5"]
[EventCountry "CAN"]
[SourceTitle "EXT 2022"]
[Source "ChessBase"]
[SourceDate "2021.10.06"]
[SourceVersion "1"]
[SourceVersionDate "2021.10.06"]
[SourceQuality "1"]

1. Nf3 Nf6 2. c4 e6 3. g3 b6 4. Bg2 Bb7 5. 0-0 Be7 6. Nc3 0-0 7. Re1 Ne4 8. Nxe4 Bxe4 9. d3 Bb7 10. e4 d6 11. d4 c5 12. b3 Qc7 13. Qe2 e5 14. d5 Bc8 15. Nd2 Bf6 16. Bb2 Qe7 17. Nf1 g6 18. Ne3 Nd7 19. f4 exf4 20. gxf4 Bh4 21. Qg4 h5 22. Qf3 Bxe1 23. Rxe1 Qh4 24. Rf1 Re8 25. e5 Qe7 26. e6 fxe6 27. dxe6 Qxe6 28. Nd5 Rb8 29. Qc3 1-0

[Event "Montreal Mercredi 04"]
[Site "Montreal"]
[Date "2011.04.27"]
[Round "4"]
[White "Gauthier, Denis"]
[Black "Sasseville, Jean"]
[Result "1-0"]
[WhiteElo "2076"]
[BlackElo "1967"]
[PlyCount "107"]
[EventDate "2011.04.06"]
[EventType "tourn"]
[EventRounds "5"]
[EventCountry "CAN"]
[SourceTitle "EXT 2013"]
[Source "ChessBase"]
[SourceDate "2012.11.22"]
[SourceVersion "1"]
[SourceVersionDate "2012.11.22"]
[SourceQuality "1"]

1. d4 f5 2. Nc3 Nf6 3. Bg5 d5 4. Bxf6 exf6 5. e3 Be6 6. h4 Nc6 7. Nh3 Qd7 8. Nf4 Bf7 9. Bb5 a6 10. Ba4 Rd8 11. Qd3 b5 12. Bb3 Ne7 13. h5 c6 14. a4 Nc8 15. Nce2 Nd6 16. f3 Rg8 17. 0-0-0 Be7 18. Ng3 Kf8 19. Rhe1 Re8 20. e4 fxe4 21. fxe4 Qg4 22. Rf1 Nxe4 23. Nxe4 dxe4 24. Qxe4 Bd6 25. Ng6+ Qxg6 26. Qxe8+ Bxe8 27. hxg6 Rh8 28. gxh7 Rxh7 29. Rh1 Rxh1 30. Rxh1 Bf4+ 31. Kd1 Ke7 32. Re1+ Kd7 33. Be6+ Kd6 34. axb5 axb5 35. g4 c5 36. Bf5 Bc6 37. Be4 cxd4 38. Bxc6 Kxc6 39. Re7 Bh6 40. Ke2 Kd6 41. Re8 Bf4 42. Kd3 Be5 43. Rg8 g5 44. Rd8+ Kc5 45. Rc8+ Kd5 46. b3 Kd6 47. Ke4 Kd7 48. Rc5 b4 49. Rc4 Bd6 50. Rxd4 Ke6 51. Rc4 Be7 52. Rc6+ Kf7 53. Kf5 Bd8 54. c4 1-0

[Event "Montreal Mercredi 02"]
[Site "Montreal"]
[Date "2011.03.16"]
[Round "4"]
[White "Sasseville, Jean"]
[Black "Gagnon, Serge"]
[Result "1-0"]
[WhiteElo "1968"]
[BlackElo "2061"]
[PlyCount "71"]
[EventDate "2011.02.23"]
[EventType "tourn"]
[EventRounds "5"]
[EventCountry "CAN"]
[SourceTitle "EXT 2013"]
[Source "ChessBase"]
[SourceDate "2012.11.22"]
[SourceVersion "1"]
[SourceVersionDate "2012.11.22"]
[SourceQuality "1"]

1. Nf3 g6 2. c4 Bg7 3. Nc3 e5 4. d4 exd4 5. Nxd4 Nc6 6. Nxc6 bxc6 7. g3 Ne7 8. Bg2 0-0 9. 0-0 Nf5 10. Qa4 Re8 11. Rd1 Qe7 12. Bf4 Be5 13. Bxe5 Qxe5 14. Rd2 Nd6 15. Rad1 Qc5 16. Rd4 Rb8 17. Qc2 Qf5 18. e4 Qe6 19. b3 Nb7 20. e5 Nc5 21. f4 a5 22. h4 f5 23. Nd5 Rf8 24. Qc3 a4 25. b4 Na6 26. b5 Nc5 27. Qa3 Ne4 28. Bxe4 fxe4 29. Nf6+ Rxf6 30. exf6 cxb5 31. cxb5 Rxb5 32. Qxa4 Qb6 33. Qa8 Kf7 34. Qxc8 Rd5 35. Qd8 Qc5 36. Qe7+ 1-0

[Event "Montreal Mercredi 02"]
[Site "Montreal"]
[Date "2011.03.09"]
[Round "3"]
[White "Morin, Louis"]
[Black "Sasseville, Jean"]
[Result "1/2-1/2"]
[WhiteElo "1903"]
[BlackElo "1968"]
[PlyCount "103"]
[EventDate "2011.02.23"]
[EventType "tourn"]
[EventRounds "5"]
[EventCountry "CAN"]
[SourceTitle "EXT 2013"]
[Source "ChessBase"]
[SourceDate "2012.11.22"]
[SourceVersion "1"]
[SourceVersionDate "2012.11.22"]
[SourceQuality "1"]

1. e4 c6 2. d4 d5 3. exd5 cxd5 4. Bd3 Nc6 5. Nf3 Bg4 6. Be3 Nf6 7. Nbd2 e6 8. 0-0 Bd6 9. Re1 0-0 10. c3 Bh5 11. h3 Rb8 12. a4 a6 13. Qe2 Qc7 14. Rac1 Rfc8 15. Qf1 Bg6 16. Bxg6 hxg6 17. g3 Na5 18. Ne5 Bxe5 19. dxe5 Nd7 20. Ba7 Ra8 21. Bd4 b5 22. axb5 axb5 23. Qxb5 Rcb8 24. Qd3 Rxb2 25. c4 Rxd2 26. Qxd2 Nb3 27. Qc3 Nxc1 28. Rxc1 Rc8 29. cxd5 Qxc3 30. Rxc3 Rxc3 31. Bxc3 exd5 32. f4 f6 33. exf6 gxf6 34. Kf2 Kf7 35. Ke3 Ke6 36. g4 Nc5 37. f5+ gxf5 38. gxf5+ Kxf5 39. Bxf6 Kxf6 40. Kd4 Ke6 41. Kxc5 Ke5 42. h4 d4 43. Kc4 Ke4 44. h5 d3 45. h6 d2 46. h7 d1Q 47. h8Q Qa4+ 48. Kc5 Qa5+ 49. Kc6 Qd5+ 50. Kb6 Qd6+ 51. Kb5 Qe5+ 52. Qxe5+ 1/2-1/2

[Event "Montreal Mercredi 02"]
[Site "Montreal"]
[Date "2011.03.02"]
[Round "2"]
[White "Sasseville, Jean"]
[Black "Gauthier, Denis"]
[Result "0-1"]
[WhiteElo "1968"]
[BlackElo "2050"]
[PlyCount "99"]
[EventDate "2011.02.23"]
[EventType "tourn"]
[EventRounds "5"]
[EventCountry "CAN"]
[SourceTitle "EXT 2013"]
[Source "ChessBase"]
[SourceDate "2012.11.22"]
[SourceVersion "1"]
[SourceVersionDate "2012.11.22"]
[SourceQuality "1"]

1. Nf3 Nf6 2. c4 c5 3. Nc3 Nc6 4. g3 d5 5. cxd5 Nxd5 6. Bg2 Nc7 7. 0-0 e5 8. d3 Be7 9. Be3 0-0 10. Rc1 f6 11. Ne4 b6 12. a3 Bb7 13. Qa4 Nd4 14. Bxd4 exd4 15. b4 f5 16. Ned2 Bd5 17. bxc5 Bxc5 18. Nb3 b5 19. Qa5 Bb6 20. Qb4 a5 21. Nxa5 Rxa5 22. Nxd4 Bxg2 23. Kxg2 Qd5+ 24. Nf3 Ra4 25. Qc3 Rfa8 26. Qc6 Qxc6 27. Rxc6 Rb8 28. Ne5 Nd5 29. Rfc1 h6 30. Nd7 Rb7 31. Rc8+ Kf7 32. Ne5+ Ke6 33. f4 Rc7 34. Rc6+ Rxc6 35. Rxc6+ Ke7 36. Rg6 Rxa3 37. Rxg7+ Kd6 38. e4 fxe4 39. dxe4 Ne3+ 40. Kh3 b4 41. Rg6+ Kc7 42. Rg7+ Kc8 43. f5 Bd4 44. Re7 Bxe5 45. Rxe5 b3 46. Rb5 Kd7 47. Kh4 Ra2 48. h3 b2 49. g4 Nc4 50. e5 0-1

[Event "Montreal Mercredi 11"]
[Site "Montreal"]
[Date "2010.12.08"]
[Round "4"]
[White "Sasseville, Jean"]
[Black "Plante, Michel"]
[Result "0-1"]
[WhiteElo "1995"]
[BlackElo "2002"]
[PlyCount "38"]
[EventDate "2010.11.17"]
[EventType "swiss"]
[EventRounds "5"]
[EventCountry "CAN"]
[SourceTitle "EXT 2013"]
[Source "ChessBase"]
[SourceDate "2012.11.22"]
[SourceVersion "1"]
[SourceVersionDate "2012.11.22"]
[SourceQuality "1"]

1. Nf3 d6 2. d4 g6 3. c4 Bg7 4. Nc3 Bg4 5. e3 c5 6. Be2 Nc6 7. d5 Na5 8. Nd2 Bxe2 9. Qxe2 Nf6 10. 0-0 0-0 11. Rd1 Qd7 12. Qd3 Ng4 13. f4 Nxe3 14. Re1 Nf5 15. Nde4 a6 16. g3 Rab8 17. a4 Nb3 18. Ra3 Nfd4 19. Be3 Nf3+ 0-1

[Event "Montreal Mercredi 11"]
[Site "Montreal"]
[Date "2010.11.30"]
[Round "5"]
[White "Gagnon, Serge"]
[Black "Sasseville, Jean"]
[Result "1-0"]
[WhiteElo "2085"]
[BlackElo "1995"]
[PlyCount "31"]
[EventDate "2010.11.17"]
[EventType "swiss"]
[EventRounds "5"]
[EventCountry "CAN"]
[SourceTitle "EXT 2013"]
[Source "ChessBase"]
[SourceDate "2012.11.22"]
[SourceVersion "1"]
[SourceVersionDate "2012.11.22"]
[SourceQuality "1"]

1. d4 f5 2. Nc3 Nf6 3. Bg5 d5 4. Nf3 Ne4 5. Nxe4 fxe4 6. Ne5 Bf5 7. f4 Nd7 8. e3 Nxe5 9. dxe5 Qd7 10. Be2 h6 11. Bh4 0-0-0 12. g4 Bh7 13. f5 g6 14. e6 Qd6 15. Qd4 Rg8 16. Qxa7 1-0

[Event "Montreal Mercredi 11"]
[Site "Montreal"]
[Date "2010.11.17"]
[Round "2"]
[White "Sasseville, Jean"]
[Black "Tremblay, Alain"]
[Result "1-0"]
[WhiteElo "1995"]
[BlackElo "2044"]
[PlyCount "107"]
[EventDate "2010.11.17"]
[EventType "swiss"]
[EventRounds "5"]
[EventCountry "CAN"]
[SourceTitle "EXT 2013"]
[Source "ChessBase"]
[SourceDate "2012.11.22"]
[SourceVersion "1"]
[SourceVersionDate "2012.11.22"]
[SourceQuality "1"]

1. Nf3 Nf6 2. c4 e6 3. g3 c6 4. Bg2 d5 5. d4 Nbd7 6. 0-0 Be7 7. Nfd2 0-0 8. Nc3 b6 9. e4 Bb7 10. cxd5 cxd5 11. e5 Ne8 12. Re1 Nc7 13. Nf1 b5 14. Ne3 f6 15. exf6 Nxf6 16. Bh3 b4 17. Ne2 Ne4 18. Nf4 Bc8 19. Nd3 Ba6 20. f4 Bxd3 21. Qxd3 Rb8 22. Ng4 Bd6 23. Ne5 Rb6 24. Be3 Qe8 25. Rac1 Qa4 26. Bg2 Nf6 27. b3 Qe8 28. Rc2 Nb5 29. Bd2 Nc3 30. Bxc3 bxc3 31. Rce2 Qc8 32. Qc2 a5 33. Nd3 Re8 34. f5 exf5 35. Rxe8+ Nxe8 36. Bxd5+ Kh8 37. Ne5 Bxe5 38. Rxe5 g6 39. Bc4 f4 40. Qxc3 Rf6 41. d5 Qc5+ 42. Kh1 Ng7 43. gxf4 Rxf4 44. Re8+ Rf8 45. Rxf8+ Qxf8 46. Kg2 Qd8 47. Qe5 h5 48. d6 Qh4 49. Qd5 Qg4+ 50. Kf2 Qf4+ 51. Ke1 Qe3+ 52. Kd1 Qg1+ 53. Kc2 Qxh2+ 54. Qd2 1-0

[Event "Montreal Mercredi 10"]
[Site "Montreal"]
[Date "2010.10.20"]
[Round "3"]
[White "Morin, Louis"]
[Black "Sasseville, Jean"]
[Result "1/2-1/2"]
[WhiteElo "1944"]
[BlackElo "1996"]
[PlyCount "92"]
[EventDate "2010.10.06"]
[EventType "tourn"]
[EventRounds "5"]
[EventCountry "CAN"]
[SourceTitle "EXT 2013"]
[Source "ChessBase"]
[SourceDate "2012.11.22"]
[SourceVersion "1"]
[SourceVersionDate "2012.11.22"]
[SourceQuality "1"]

1. e4 c6 2. d4 d5 3. Nc3 dxe4 4. Nxe4 Nd7 5. Qe2 e6 6. Bf4 Ndf6 7. 0-0-0 Nxe4 8. Qxe4 Nf6 9. Qe5 Be7 10. Nf3 0-0 11. Bd3 Qd5 12. c4 Qxe5 13. Nxe5 Rd8 14. Rhe1 Kf8 15. Bb1 h6 16. Kc2 Bd7 17. Kc3 Be8 18. g4 a5 19. Rg1 b5 20. g5 hxg5 21. Bxg5 bxc4 22. Bxf6 Bxf6 23. f4 c5 24. dxc5 Rac8 25. Kxc4 Rb8 26. Rxd8 Bxd8 27. Kc3 g6 28. b3 Bf6 29. a3 g5 30. Rxg5 Bxg5 31. fxg5 Ke7 32. Ng4 Bc6 33. b4 axb4+ 34. axb4 Rh8 35. g6 Rh3+ 36. Bd3 fxg6 37. Kd4 Rh4 38. Be2 e5+ 39. Kxe5 Bd7 40. Kf4 Bxg4 41. Bxg4 Rxh2 42. b5 Rc2 43. c6 Kd6 44. Bf3 Rb2 45. Kg5 Rxb5+ 46. Kxg6 Rc5 1/2-1/2

[Event "Montreal Mercredi 10"]
[Site "Montreal"]
[Date "2010.10.13"]
[Round "2"]
[White "Sasseville, Jean"]
[Black "Dydak, Mateusz"]
[Result "1-0"]
[WhiteElo "1996"]
[BlackElo "1949"]
[PlyCount "91"]
[EventDate "2010.10.06"]
[EventType "tourn"]
[EventRounds "5"]
[EventCountry "CAN"]
[SourceTitle "EXT 2013"]
[Source "ChessBase"]
[SourceDate "2012.11.22"]
[SourceVersion "1"]
[SourceVersionDate "2012.11.22"]
[SourceQuality "1"]

1. Nf3 f5 2. d4 Nf6 3. c4 g6 4. g3 Bg7 5. Bg2 d6 6. 0-0 0-0 7. Nc3 Qe8 8. d5 Na6 9. Be3 b6 10. Qd2 Ng4 11. Bd4 Nf6 12. e4 e5 13. dxe6 fxe4 14. Ng5 Bxe6 15. Nxe6 Qxe6 16. Rae1 Rae8 17. Nxe4 Nxe4 18. Rxe4 Qf5 19. Rfe1 Rxe4 20. Bxe4 Qd7 21. Qc3 Rd8 22. Bd5+ Kh8 23. f4 h5 24. Bxg7+ Qxg7 25. Qxg7+ Kxg7 26. Re7+ Kh6 27. h4 b5 28. b3 bxc4 29. bxc4 Nb4 30. Be4 d5 31. cxd5 Nxd5 32. Re6 Kg7 33. Rxg6+ Kf7 34. Rc6 Rd6 35. Bxd5+ Rxd5 36. Rxc7+ Kf6 37. Rxa7 Kf5 38. Rg7 Ke4 39. Kg2 Rd2+ 40. Kh3 Kf3 41. Ra7 Rd1 42. Ra3+ Kf2 43. Kh2 Rg1 44. Rf3+ Kxf3 45. Kxg1 Kxg3 46. f5 1-0

[Event "Montreal Mercredi 09"]
[Site "Montreal"]
[Date "2010.09.15"]
[Round "3"]
[White "Sasseville, Jean"]
[Black "Dydak, Mateusz"]
[Result "1/2-1/2"]
[WhiteElo "1976"]
[BlackElo "1993"]
[PlyCount "125"]
[EventDate "2010.09.01"]
[EventType "tourn"]
[EventRounds "5"]
[EventCountry "CAN"]
[SourceTitle "EXT 2013"]
[Source "ChessBase"]
[SourceDate "2012.11.22"]
[SourceVersion "1"]
[SourceVersionDate "2012.11.22"]
[SourceQuality "1"]

1. Nf3 f5 2. c4 Nf6 3. g3 e6 4. Bg2 c6 5. 0-0 Be7 6. d4 d5 7. Qc2 0-0 8. Ne5 Nbd7 9. Nd3 Qe8 10. Nd2 Ne4 11. Nf3 Bf6 12. Nfe5 Nxe5 13. Nxe5 Qh5 14. f3 Ng5 15. Bd2 Nf7 16. Bb4 Rd8 17. Bc3 Nxe5 18. dxe5 Bg5 19. f4 Be7 20. Bd4 Bd7 21. cxd5 cxd5 22. Rfc1 Bc6 23. Qd2 g5 24. e3 Qg6 25. Bf1 h5 26. b4 a6 27. Bb6 Rd7 28. a4 d4 29. exd4 gxf4 30. b5 Be4 31. Qxf4 Bg5 32. Qf2 Bxc1 33. Rxc1 axb5 34. Bxb5 Rg7 35. Qf4 Kh7 36. a5 Rag8 37. Kf2 Qg4 38. Qxg4 fxg4 39. Ke3 Bg2 40. Bd3+ Kh6 41. Be4 Bxe4 42. Kxe4 Rf8 43. d5 exd5+ 44. Kxd5 Rd7+ 45. Ke6 Rd2 46. Rc7 Re2 47. Rxb7 Re8+ 48. Re7 Rxe7+ 49. Kxe7 Rxe5+ 50. Kf6 Rb5 51. Bc7 Rb2 52. Bf4+ Kh7 53. Be3 Ra2 54. Bb6 Rxh2 55. a6 Ra2 56. a7 Ra6 57. Kg5 Ra4 58. Kxh5 Kg7 59. a8Q Rxa8 60. Kxg4 Kg6 61. Be3 Ra3 62. Bf4 Rxg3+ 63. Bxg3 1/2-1/2

[Event "Quebec-ch opB"]
[Site "Montreal"]
[Date "2010.07.26"]
[Round "4"]
[White "Acosta, Mariano"]
[Black "Sasseville, Jean"]
[Result "1-0"]
[WhiteElo "2261"]
[BlackElo "1938"]
[PlyCount "35"]
[EventDate "2010.07.24"]
[EventType "swiss"]
[EventRounds "9"]
[EventCountry "CAN"]
[SourceTitle "EXT 2013"]
[Source "ChessBase"]
[SourceDate "2012.11.22"]
[SourceVersion "1"]
[SourceVersionDate "2012.11.22"]
[SourceQuality "1"]

1. b3 f5 2. Nf3 Nf6 3. e3 g6 4. c4 Bg7 5. d4 0-0 6. Nbd2 d6 7. Bd3 e5 8. Be2 e4 9. Ng5 h6 10. Nh3 g5 11. Bb2 f4 12. exf4 Bxh3 13. fxg5 e3 14. fxe3 Bd7 15. gxf6 Qxf6 16. Bf3 Nc6 17. 0-0 Rae8 18. Bxc6 1-0

[Event "Quebec-ch Elite qual"]
[Site "Montreal"]
[Date "2010.05.08"]
[Round "3"]
[White "Lange, David"]
[Black "Sasseville, Jean"]
[Result "1-0"]
[WhiteElo "1966"]
[BlackElo "1999"]
[PlyCount "49"]
[EventDate "2010.05.07"]
[EventType "swiss"]
[EventRounds "5"]
[EventCountry "CAN"]
[SourceTitle "EXT 2013"]
[Source "ChessBase"]
[SourceDate "2012.11.22"]
[SourceVersion "1"]
[SourceVersionDate "2012.11.22"]
[SourceQuality "1"]

1. d4 Nf6 2. c4 g6 3. Nc3 Bg7 4. g3 0-0 5. Bg2 d6 6. Nf3 Nc6 7. 0-0 a6 8. e3 e5 9. b3 Bg4 10. h3 Bd7 11. Bb2 exd4 12. Nxd4 Nxd4 13. exd4 c6 14. Re1 Qc7 15. Qd2 Rfe8 16. Rxe8+ Rxe8 17. Re1 b5 18. Kh2 Rxe1 19. Qxe1 bxc4 20. bxc4 Qb6 21. Na4 Qb8 22. Qa5 c5 23. Nb6 cxd4 24. Bxd4 Bc8 25. Nd5 1-0

[Event "Montreal Mercredi 03"]
[Site "Montreal"]
[Date "2010.04.26"]
[Round "5"]
[White "Sasseville, Jean"]
[Black "Lange, David"]
[Result "1/2-1/2"]
[WhiteElo "2058"]
[BlackElo "1962"]
[PlyCount "90"]
[EventDate "2010.03.31"]
[EventType "tourn"]
[EventRounds "5"]
[EventCountry "CAN"]
[SourceTitle "EXT 2013"]
[Source "ChessBase"]
[SourceDate "2012.11.22"]
[SourceVersion "1"]
[SourceVersionDate "2012.11.22"]
[SourceQuality "1"]

1. d4 Nf6 2. c4 g6 3. Nc3 Bg7 4. e4 d6 5. f4 0-0 6. Nf3 c5 7. Be3 cxd4 8. Nxd4 Na6 9. Be2 Nc5 10. Bf3 Bd7 11. 0-0 Rc8 12. Rc1 a6 13. b4 Ne6 14. Nxe6 Bxe6 15. c5 Nd7 16. Nd5 dxc5 17. bxc5 Nf6 18. Rb1 Rb8 19. Rf2 Bxd5 20. exd5 Qc7 21. d6 Qd7 22. Rfb2 exd6 23. Qxd6 Qxd6 24. cxd6 Rbd8 25. Rb6 Rfe8 26. R1b3 Re6 27. Bxb7 Rdxd6 28. Bxa6 Nd5 29. Rb8+ Bf8 30. Bc5 Rxa6 31. Bxf8 h5 32. Bd6+ Kh7 33. Be5 f6 34. R3b7+ Re7 35. Rxe7+ Nxe7 36. Rb7 fxe5 37. Rxe7+ Kh6 38. Rxe5 Rxa2 39. h3 Kg7 40. Kh2 Ra3 41. Rg5 Kf6 42. Rg3 Ra4 43. Rf3 h4 44. g4 hxg3+ 45. Kxg3 g5 1/2-1/2

[Event "Montreal op"]
[Site "Montreal"]
[Date "2000.??.??"]
[Round "5"]
[White "Sasseville, Jean"]
[Black "Roussel Roozmon, Thomas"]
[Result "1/2-1/2"]
[WhiteElo "1955"]
[BlackElo "2128"]
[PlyCount "97"]
[EventDate "2000.??.??"]
[EventType "swiss"]
[EventRounds "5"]
[EventCountry "CAN"]
[SourceTitle "EXT 2003"]
[Source "ChessBase"]
[SourceDate "2002.11.25"]
[SourceVersion "1"]
[SourceVersionDate "2002.11.25"]
[SourceQuality "1"]

1. c4 e5 2. Nc3 Nc6 3. Nf3 g6 4. d4 exd4 5. Nxd4 Bg7 6. Nxc6 bxc6 7. g3 Ne7 8. Bg2 0-0 9. 0-0 Bb7 10. Qb3 Qb8 11. Rd1 d6 12. c5 Nf5 13. Qa4 Qe8 14. e4 Ne7 15. cxd6 cxd6 16. Rxd6 c5 17. Be3 Qxa4 18. Nxa4 Bc6 19. Nxc5 Bxb2 20. Rb1 Be5 21. Rd3 Rab8 22. Rdb3 Rxb3 23. axb3 Rd8 24. b4 Bb5 25. Bf1 Rb8 26. Bxb5 Rxb5 27. Nd3 Bd6 28. e5 Bb8 29. Rc1 a5 30. Rc5 Rxc5 31. Bxc5 Nc6 32. f4 axb4 33. Nxb4 Nxb4 34. Bxb4 g5 35. Kf2 gxf4 36. gxf4 f6 37. Bd6 Bxd6 38. exd6 Kf7 39. Kg3 Ke6 40. Kg4 Kxd6 41. Kf5 Ke7 42. h4 Kf7 43. h5 Ke7 44. Ke4 Ke6 45. h6 Kd6 46. Kf5 Ke7 47. Ke4 Ke6 48. f5+ Kd6 49. Kd4 1/2-1/2